000 00586nam a2200193 a 4500
001 000041692
005 20201002035714.0
008 130902s1985 sp a 000 0 spa d
020 _a8434581701
040 _aDO-SdBNP
_bspa
_cBNPHU
082 _axxx
_bxxx
100 1 _aCano, José Luis
_98676
245 1 0 _aGarcia Lorca /
_cJosé Luis Cano.
260 _aBarcelona :
_bSalvat,
_c1985.
300 _a181 p. :
_bil. ;
_c20 cm.
490 1 _aBiblioteca Salvat de grandes biografías
_v25
504 _aBibliografía p: 181
830 0 _aBiblioteca Salvat de grandes biografías
_v25
_942025
999 _c41182
_d41182